| 000 | 00407nam a2200145Ia 4500 | ||
|---|---|---|---|
| 008 | 210210b1990 xxu||||| |||| 00| 0 eng d | ||
| 082 | _a225.7 BARD | ||
| 100 | _aBARCLAY (William). | ||
| 245 | _aDaily study bible:the letters to the Hebrews. | ||
| 260 |
_aBangalore _bTheological Publications in India _c1990 |
||
| 300 | _aviii,202 | ||
| 650 | _aLetters Hebrews | ||
| 690 | _aChristianity | ||
| 906 | _a045746 | ||
| 999 |
_c95061 _d95061 |
||